| 000 | 00710nam a2200265 a 4500 | ||
|---|---|---|---|
| 003 | AR-BaBNM | ||
| 005 | 20251128203835.0 | ||
| 008 | 082120s2002 ||||||||||||||000 | spa|| | ||
| 040 | _cAR-BaBNM | ||
| 100 | 1 | _aSanin Cano, Baldomero | |
| 245 | 0 | 0 | _aLetras colombianas |
| 250 | _a1ª ed. | ||
| 260 |
_aMéxico, D.F. _bFondo de Cultura Económica _c1944 |
||
| 300 | _a213 p. | ||
| 490 | 0 |
_aTierra firme _vv. 2 |
|
| 500 | _aContiene registro de obras y autores en p. 207 | ||
| 650 | 4 | _aLITERATURA LATINOAMERICANA | |
| 650 | 4 | _aCRITICA LITERARIA | |
| 650 | 4 | _aHISTORIA LITERARIA | |
| 650 | 4 | _aESCRITORES | |
| 653 | _aLITERATURA COLOMBIANA | ||
| 655 | _aLITERATURA | ||
| 942 | _cBK | ||
| 998 | _cMARTIN | ||
| 999 |
_c5132 _d5132 |
||